| 000 | 00704nam a2200205Ia 4500 | ||
|---|---|---|---|
| 008 | 130821s1966 sp gr spa | ||
| 040 |
_aCo-BoUCM _bspa |
||
| 041 | 0 | 0 | _aspa |
| 100 | 1 |
_aKlein, Lawrence R. _9114293 |
|
| 245 | 1 | 0 |
_aIntroducción a la econometría _cLawrence R. Klein ; traducción del ingles de José Luis Barinaga Blanco |
| 260 |
_aMadrid (España) _bAguilar _c1966 |
||
| 300 | _a299 páginas | ||
| 650 | 0 | 4 |
_aConsumo (Economía) _911731 |
| 650 | 0 | 4 |
_aEconometría _913653 |
| 650 | 0 | 4 |
_aEconomía _9174 |
| 650 | 0 | 4 |
_aMicroeconomía _919488 |
| 700 |
_aBarinaga Blanco, José Luis. _etrad. _9142082 |
||
| 942 |
_cLIBRO _a7 _e1 _mK53 _2DEWEY _h339.47 |
||
| 999 |
_c33052 _d33052 |
||